000 01666nam a22001577a 4500
008 120614t xxu||||| |||| 00| 0 eng d
020 _a0131968734
050 _aHF5718.B66
100 _aBovee, Courtland L.
245 _aBusiness communication today. /
_cCourtland, Bovee L.
260 _aU.S.A.:
_bPearson,
_c2005.
300 _axxiii, 585 p.:
_bill.;
_c26cm.
505 _aContents: Understanding Through Foundations Of Business Communication : Achieving success through effective communication -- Communicating in teamsand mastering and nonverbal communicating -- Communicating interculturally -- Applying the three - Step Writing Process: Planning business messages -- Writing business messages -- Completing business messages -- Writing, Letters, Memos, E- mails, and instant Messages: Writing routine and positive messages -- Writing negative messages -- Writing persuasive messages -- Finding and Communicating Information : Finding, evaluating and processing information -- Communicating information through visuals -- Planning, Writing, and Completing Reports and Proposals : Planning reports and proposals -- Writing reports and proposals -- Completing reports and proposals -- Designing and delivering oral presentation; Planning, writing and completing oral presentations -- Enhancing presentations with slides and transparencies -- Writing employment messages and interviewing for jobs: Building careers and writing resumes -- Applying and interviewing for employment -- Appendix A: Format and layout of business documents -- Appendix B: Documentation of report sources -- Appendix C: Correction symbols
700 _aThill, John V.
942 _2lcc
_cBK
999 _c1354
_d8854